<?xml version="1.0" encoding="UTF-8"?>
<record
    xmlns:xsi="http://www.w3.org/2001/XMLSchema-instance"
    xsi:schemaLocation="http://www.loc.gov/MARC21/slim http://www.loc.gov/standards/marcxml/schema/MARC21slim.xsd"
    xmlns="http://www.loc.gov/MARC21/slim">

  <leader>01107nam a2200217   4500</leader>
  <datafield tag="952" ind1=" " ind2=" ">
    <subfield code="0">0</subfield>
    <subfield code="1">0</subfield>
    <subfield code="2">lcc</subfield>
    <subfield code="4">0</subfield>
    <subfield code="7">0</subfield>
    <subfield code="a">11</subfield>
    <subfield code="b">11</subfield>
    <subfield code="d">2015-04-20</subfield>
    <subfield code="l">1</subfield>
    <subfield code="o">LB42 Y87 1995</subfield>
    <subfield code="p">11 011555</subfield>
    <subfield code="r">2015-09-09</subfield>
    <subfield code="s">2015-09-09</subfield>
    <subfield code="t">1</subfield>
    <subfield code="w">2015-04-20</subfield>
    <subfield code="y">LB</subfield>
  </datafield>
  <datafield tag="999" ind1=" " ind2=" ">
    <subfield code="c">96368</subfield>
    <subfield code="d">96368</subfield>
  </datafield>
  <controlfield tag="008">Libro  1995   mmx    s  sp spa</controlfield>
  <datafield tag="020" ind1=" " ind2=" ">
    <subfield code="a">9686898506 </subfield>
  </datafield>
  <datafield tag="050" ind1=" " ind2=" ">
    <subfield code="a">LB42 </subfield>
    <subfield code="b">Y87 1995</subfield>
  </datafield>
  <datafield tag="100" ind1=" " ind2=" ">
    <subfield code="a">Yur&#xE9;n Camarena, Mar&#xED;a Teresa</subfield>
    <subfield code="e">autor</subfield>
  </datafield>
  <datafield tag="245" ind1=" " ind2=" ">
    <subfield code="a">Eticidad, valores sociales y educaci&#xF3;n </subfield>
    <subfield code="c">/ Maria Teresa, Yur&#xE9;n Camarena</subfield>
  </datafield>
  <datafield tag="260" ind1=" " ind2=" ">
    <subfield code="a">M&#xE9;xico</subfield>
    <subfield code="b">: Universidad Pedag&#xF3;gica Nacional </subfield>
    <subfield code="c">, 1995</subfield>
  </datafield>
  <datafield tag="300" ind1=" " ind2=" ">
    <subfield code="a">323 p&#xE1;ginas</subfield>
  </datafield>
  <datafield tag="490" ind1=" " ind2=" ">
    <subfield code="a">Colecci&#xF3;n textos</subfield>
    <subfield code="v">: 1</subfield>
  </datafield>
  <datafield tag="500" ind1=" " ind2=" ">
    <subfield code="a">Incluye: Indice, Introducci&#xF3;n, Conclusiones, Fuentes bibliogr&#xE1;ficas, Fuentes hemerogr&#xE1;ficas  </subfield>
  </datafield>
  <datafield tag="505" ind1=" " ind2=" ">
    <subfield code="a">Educaci&#xF3;n y eticidad en la obra de Hegel: El calvario el esp&#xED;ritu  
Eticidad, educaci&#xF3;n y acci&#xF3;n comunicativa en la obra de J. Habermas  
Eticidad y educaci&#xF3;n: Una reconstrucci&#xF3;n para Latinoam&#xE9;rica (Parte I)  
Eticidad y educaci&#xF3;n: Una reconstrucci&#xF3;n para Latinoam&#xE9;rica (Parte II)  
Valores sociales y dignidad humana  
Educaci&#xF3;n conforme a valores </subfield>
  </datafield>
  <datafield tag="519" ind1=" " ind2=" ">
    <subfield code="a">Material Complementario/  </subfield>
    <subfield code="d">(11 011555)  
</subfield>
  </datafield>
  <datafield tag="650" ind1=" " ind2="0">
    <subfield code="a">VALORES (FILOSOF&#xCD;A)</subfield>
  </datafield>
  <datafield tag="650" ind1=" " ind2="0">
    <subfield code="a">EDUCACI&#xD3;N </subfield>
    <subfield code="x">FILOSOF&#xCD;A</subfield>
  </datafield>
  <datafield tag="650" ind1=" " ind2="0">
    <subfield code="a">&#xC9;TICA</subfield>
  </datafield>
  <datafield tag="942" ind1=" " ind2=" ">
    <subfield code="c">LB</subfield>
  </datafield>
</record>
